000 02032cam a22004814i 4500
003 PE-LiUPU
005 20250731173449.0
008 150617s1989 flu r 000 0 spa d
020 _a0829712194
035 _a(Sirsi) i9780829712193
040 _aPE-LiUPU
_bspa
_cPE-LiUPU
_erda
049 _aPRUA
082 0 4 _a289.3342
_bG33
_221
100 1 _ade Geer, Thelma,
_eautor.
245 1 3 _aEl mormonismo y yo /
_cThelma de Geer.
264 1 _aMiami :
_bEditorial Vida,
_c1989.
300 _a191 páginas ;
_c22 centímetros
336 _atext
_2rdacontent
337 _aunmediated
_2rdamedia
338 _avolume
_2rdacarrier
505 0 _aMi nacimiento en la vida mormona -- Mi nuevo nacimiento -- Mamá mira hacia el cielo -- Regreso al principio -- José mintió, Dios nunca murió -- ¿Adán es Dios? -- Mi abuelo era un polígamo -- La matanza santa -- Corre la sangre en Utah -- Mi bisabuelo paga el precio de Mountain Meadows.
526 _aSEG42
526 _aSEG41
526 _aSEG40
526 _aSEG39
526 _aP94
526 _aP87
526 _aP86
526 _aP85
526 _aP77
526 _aP76
526 _aP35
650 0 4 _aMormonismo.
910 _ajck
_bjvq
_cjck
_d20150616
942 _2ddc
_cBOOK
949 _a289.3 G34
_wDEWEY
_c1
_i39552
_lCCODEBUL1
_mBUL
_r0
_sY
_tBOOK
_u2015-6-16
_xTEOLOGIA
_zUNKNOWN
_0COMPRA
_o.STAFF. Colección General
949 _a289.3342 G33
_wDEWEY
_c1
_i33845
_d2016-10-24
_e2016-10-19
_lCCODEBUL1
_mBUL
_n2
_r0
_sY
_tBOOK
_u2015-6-17
_xTEOLOGIA
_PP35
_0COMPRA
_o.STAFF. Colección General
994 _aC0
_bPEPRU
596 _a1
999 _a289.3 G34
_wDEWEY
_c57465
_i39552
_f2021-11-12
_g5
_lCCODEBUL1
_mBUL
_r0
_sY
_tBOOK
_u2015-6-16
_xTEOLOGIA
_zUNKNOWN
_0COMPRA
_o.STAFF. Colección General
_d57465
999 _a289.3342 G33
_wDEWEY
_c1
_i33845
_d2016-10-24
_e2016-10-19
_f2021-11-12
_g5
_lCCODEBUL1
_mBUL
_n2
_p10.00
_r0
_sY
_tBOOK
_u2015-6-17
_xTEOLOGIA
_PP35
_0COMPRA
_o.STAFF. Colección Teología
980 _81
_gALBERTO SANCHEZ Responsable de Automatización